000 00875nam a22002297a 4500
005 20240530110339.0
008 141028s2011 ua gr 000 0deng d
017 _a11050/2010
020 _a9789773287169
040 _aEG-CaGPL
082 0 4 _221
_a214.3637\
_bإ ح
100 0 _aابراهيم محمد عبدالجليل
245 1 _aحماية البيئة من منظور اسلامى :
_bودور الحسبة فى حمايتها /
_cابراهيم محمد عبدالجليل
260 _aالاسكندرية :
_bدار الجامعة الجديدة ،
_c2011
300 _a474 ص ؛
_c24 سم
650 0 4 _aحماية البيئة
650 0 4 _aالبيئة والانسان
650 0 4 _aالجوانب الاخلاقية والدينية
650 0 4 _aالانسان و البيئة
942 _2ddc
_cBK
999 _c59846
_d59846